000 01224nam a2200361 i 4500
001 25553
003 KOSZ 005
005 20200810121339.0
008 070620s1970 pl a f 000 0 pol
015 _aPB 1970/2311
040 _aWA N
_cWA N
_dKOSZ 005/RW
046 _k1970
080 _a633.4
080 _a631.3
100 1 _aWójcicki, Zdzisław
_d(1930- )
_eAutor
245 1 0 _aPostęp w mechanizacji produkcji ziemniaków /
_cZdzisław Wójcicki.
260 _aWarszawa :
_bPaństwowe Wydawnictwo Rolnicze i Leśne,
_c1970.
300 _a202, [2] strony :
_bilustracje, mapy ;
_c23 cm.
336 _aTekst
_btxt
_2rdacontent
337 _aBez urządzenia pośredniczącego
_bn
_2rdamedia
338 _aWolumin
_bnc
_2rdacarrier
380 _aKsiążki
388 _a1901-2000
504 _aBibliografia na stronie [204].
650 4 _aZiemniaki
650 4 _aUprawa
658 _aRolnictwo i leśnictwo
658 _aInżynieria i technika
650 4 _aMechanizacja
710 2 _aPaństwowe Wydawnictwo Rolnicze i Leśne
_4pbl.
856 _uhttp://koha.tu.koszalin.pl/cgi-bin/koha/opac-detail.pl?biblionumber=25553
_yKatalog online BPK
942 _2UKD
_cKS
999 _c25553
_d25553